| 000 | 00445nam a22001691a 4500 | ||
|---|---|---|---|
| 020 | _a9788120806436 | ||
| 082 |
_aS 294.592 1 _bSHO/S |
||
| 245 |
_aSureshvara's vartika on Ashvamedja brahmana/ _cby Shoun Hino (tr.) |
||
| 260 |
_aNew Delhi: _bMotilal Banarsidass, _c1990. |
||
| 300 | _a110p. | ||
| 650 | _aVedic Literature | ||
| 650 | _aHinduism | ||
| 650 | _aReligion | ||
| 700 | _aShoun Hino (tr.) | ||
| 700 | _aJog K P (tr.) | ||
| 942 | _cBK | ||
| 999 |
_c45406 _d45406 |
||